000 00411nam a2200181Ia 4500
001 13758
005 20260306164824.0
008 260306t2000||||xx |||||||||||||| ||spa||
041 _aESP
082 _a005.133D
_bL92
100 _aLouis, Dirk
_eAUT
245 0 _aGran libro Delphi 5
260 _c2000
300 _a856 páginas :
_c25 cm.
650 _aGEN
654 _aCCC
942 _cLIB
_dJUS
_fJUS
_2ddc
_n
999 _c13758
_d13758